000 00295nam a22001337a 4500
008 170922b xxu||||| |||| 00| 0 eng d
020 _a0807762962
041 _aeng
080 _a37
100 _a46
101 _aEDU
245 _aTHE FEMINIST TEACHER ANTHOLOGY
_cCOHEE,G.E
942 _2udc
_cBK
999 _c29136
_d29136